Vista normal Vista MARC

Entrada Nombre personal

Número de registros utilizados en: 1

001 - NÚMERO DE CONTROL

  • campo de control: 17887

003 - IDENTIFICADOR DE NÚMERO DE CONTROL

  • campo de control: DLC

005 - FECHA Y HORA DE LA ÚLTIMA TRANSACCIÓN

  • campo de control: 20230524093118.0

008 - ELEMENTOS DE DATO DE LONGITUD-FIJA

  • campo de control de longitud fija: 081024n| acannaabn |n aaa c

010 ## - NÚMERO DE CONTROL DE LA BIBLIOTECA DEL CONGRESO

  • Número de control de LC: no2008156505

035 ## - NÚMERO DE CONTROL DEL SISTEMA

  • Número de control de sistema: (OCoLC)oca07916705

040 ## - FUENTE DE CATALOGACIÓN

  • Centro catalogador/agencia de origen: IEN
  • Lengua de catalogación: eng
  • Centro/agencia transcriptor: IEN

100 1# - ENCABEZAMIENTO-NOMBRE DE PERSONA

  • Nombre de persona: Aabye, Karen

670 ## - FUENTE DE DATOS ENCONTRADOS

  • Cita de la fuente: Dejligt at Amerika ikke ligger langt herfra, 1949:
  • Información encontrada: t.p. (Karen Aabye)

670 ## - FUENTE DE DATOS ENCONTRADOS

  • Cita de la fuente: WWW LC auth., 24-5-2023;
  • Información encontrada: (Aabye, Karen)

955 ## - CATALOGADOR - EDICIÓN

  • Nombre del catalogador: Inmaculada Vicente Garcia